[Event "Mittelrhein Verbandsliga-M 16/17"]
[Site "Nordrheinwestfalen"]
[Date "2017.03.19"]
[Round "9.7"]
[White "Yang, Alan"]
[Black "Arlt, Klaus"]
[Result "0-1"]
[WhiteElo "1066"]
[BlackElo "1994"]
[PlyCount "80"]
[EventDate "2016.09.11"]
[EventType "team-tourn"]
[EventRounds "11"]
[EventCountry "GER"]
[SourceTitle "EXT 2022"]
[Source "ChessBase"]
[SourceDate "2021.10.06"]
[SourceVersion "1"]
[SourceVersionDate "2021.10.06"]
[SourceQuality "1"]
[WhiteTeam "Porz SG V"]
[BlackTeam "Koeln Ford SF"]
[WhiteTeamCountry "GER"]
[BlackTeamCountry "GER"]

1. e4 c6 2. Nf3 d5 3. d3 dxe4 4. Ng5 exd3 5. Bxd3 Nf6 6. 0-0 h6 7. Nf3 Bg4 8. Be2 Qxd1 9. Rxd1 Nbd7 10. Nc3 e6 11. Bf4 Nd5 12. Nxd5 exd5 13. Rd2 Be7 14. Re1 0-0 15. Ne5 Nxe5 16. Bxe5 Bf5 17. Bd3 Be6 18. Rde2 Rfe8 19. Re3 Bd7 20. Bxg7 Bb4 21. Bxh6 Bd6 22. Kf1 c5 23. f4 Kh8 24. Rg3 Rxe1+ 25. Kxe1 Rg8 26. Rxg8+ Kxg8 27. Be2 Kh7 28. Bg5 Bf5 29. c4 dxc4 30. Bxc4 Kg6 31. h3 f6 32. g4 Be4 33. f5+ Kxg5 34. Kf2 Bf4 35. b3 Kh4 36. Bf1 Bb1 37. Kf3 Bc1 38. Bc4 Bxa2 39. Ke4 Kxh3 40. Kd5 Kxg4 0-1